Mapa świata bez 12 państw #3 - Statystyki

Ogólne statystyki
  • Ten quiz został rozwiązany 169 razy
  • Średni wynik to 10 z 12
Odpowiedzi na mapie
Odpowiedzi zakodowano w zielono-czerwonej skali na mapie do tego quizu, zgodnie z poniższymi procentami.
 
Statystyki odpowiedzi
Państwo % Poprawnych
Estonia
94%
Litwa
94%
Łotwa
94%
Urugwaj
90%
Jemen
87%
Oman
87%
Tunezja
81%
Erytrea
79%
Irlandia
76%
Holandia
74%
Filipiny
62%
Tajwan
60%
Nie znaleziono quizów pasujących do podanych kryteriów
Rozkład punktacji
Procent ludzi z każdym wynikiem
Percentyl według liczby udzielonych odpowiedzi
Twoja historia wyników
Nie rozwiązałeś tego quizu